000
00291cam a2200121ua 4500
082
_a
515
_b
DEM/PR
100
_a
Demidovich, B .
_9
1756
245
_a
Problems in Mathematical Analysis /
250
_a
1 /
260
_a
Moscow :
_b
Peace Publishers ,
_c
1984.
300
_a
496 ; .
942
_c
BK
999
_c
3339
_d
3339